Rómovia, Cigáni, kočovníci Dejiny a súčasnosť v európskom kontexte

Saved in:
Bibliographic Details
Main Author: Liégeois, Jean-Pierre
Other Authors: Glutová, Jaroslava
Format: Book
Language:Slovak
Published: Bratislava Charis 1995
Edition:1. vyd.
Subjects:
Tags: Add Tag
No Tags, Be the first to tag this record!

MARC

LEADER 00000nam a2200000 4500
001 c011703
005 20221128073807.0
020 |a 80-967380-4-6 
041 0 |a slo 
044 |a SK 
245 1 0 |a Rómovia, Cigáni, kočovníci  |b Dejiny a súčasnosť v európskom kontexte  |c Jean-Pierre Liégeois ; [Z franc. prel.] Jaroslava Glutová 
250 |a 1. vyd. 
264 1 |a Bratislava  |b Charis  |c 1995 
300 |a 272 s. 
610 2 0 |a Rómovia 
610 2 0 |a skupiny sociálne 
610 2 0 |a Európa 
610 2 0 |a sociológia 
100 1 |a Liégeois, Jean-Pierre 
700 1 |a Glutová, Jaroslava